Pays sans les lettres de "INDE" - Statistiques

Statistiques générales
  • Ce quiz a été pris 21 fois
    6 depuis la dernière actualisation
  • Le résultat moyen est 6 sur 14
Statistiques - réponses
Continents Pays % Correct
Amérique du Nord Cuba
67%
Europe Kosovo
67%
Asie Qatar
67%
Afrique Togo
67%
Océanie Tuvalu
67%
Amérique du Sud Uruguay
67%
Amérique du Nord Bahamas
33%
Afrique Maroc
33%
Océanie Palaos
33%
Amérique du Sud Paraguay
33%
Europe Pays-Bas
33%
Europe Portugal
33%
Océanie Samoa
33%
Asie Laos
0%
Aucun quiz correspondant
Distribution des résultats
% des personnes avec chaque résultat
Percentile par nombre de réponses
Votre historique - résultats
Vous n’avez pas pris ce quiz depuis la dernière actualisation